| 000 | 00325nam a22001217a 4500 | ||
|---|---|---|---|
| 999 |
_c15466 _d15466 |
||
| 020 | _a9788131808153 | ||
| 082 |
_a532 _bBAN/TE |
||
| 100 |
_aBansal,R.K. _93181 |
||
| 245 | _aA text book of fluid mechanics and hydraulic machines / | ||
| 260 |
_aNew delhi ; _bLaxmi publications (p)ltd , _c2017. |
||
| 300 | _a1094p. | ||
| 942 | _cBK | ||